000 00681nam a2200193Ia 4500
003 GCL
008 140319s9999 xx 000 0 ara d
040 _aGCL /
_cGCL
082 0 4 _aش ف
_b791.43
_bك م
100 1 _aكمال سليم (اخراج)
245 1 0 _aالمظاهر (شرائط فيديو) /
_cكمال سليم (اخراج)
260 _aالقاهرة :
_bشركة انتاج الافلام المصرية
300 _a1 شريط:
_bس ، ب ؛
_c1\2 بوصة
650 0 4 _aالافلام السينمائية
650 0 4 _aالافلام العربية
650 0 4 _aالفيديو، أشرطة
650 0 4 _aالافلام الغنائية
942 _2ddc
_cVM
999 _c28810
_d28810